Daedalus : (Record no. 3737)
[ view plain ]
| 000 -LEADER | |
|---|---|
| fixed length control field | 00687cas a2200205 a 4500 |
| 005 - DATE AND TIME OF LATEST TRANSACTION | |
| control field | 20250901165425.0 |
| 008 - FIXED-LENGTH DATA ELEMENTS--GENERAL INFORMATION | |
| fixed length control field | 750824d19552020mauqr p 0 a0eng c |
| 010 ## - LIBRARY OF CONGRESS CONTROL NUMBER | |
| LC control number | 12030299 |
| Canceled/invalid LC control number | sc 80001913 |
| -- | sn 80008294 |
| 022 0# - INTERNATIONAL STANDARD SERIAL NUMBER | |
| International Standard Serial Number | 0011-5266 |
| ISSN-L [OBSOLETE] | 0011-5266 |
| Source | 1 |
| 050 00 - LIBRARY OF CONGRESS CALL NUMBER | |
| Classification number | HD 2791 .G64 |
| 050 14 - LIBRARY OF CONGRESS CALL NUMBER | |
| Classification number | AS36 |
| Item number | .A48516 |
| 082 04 - DEWEY DECIMAL CLASSIFICATION NUMBER | |
| Classification number | 505 |
| 245 10 - TITLE STATEMENT | |
| Title | Daedalus : |
| Remainder of title | proceedings of the American Academy of Arts and Sciences. |
| 260 ## - PUBLICATION, DISTRIBUTION, ETC. | |
| Place of publication, distribution, etc. | [Boston, Mass.] : |
| Name of publisher, distributor, etc. | American Academy of Arts and Sciences, |
| Date of publication, distribution, etc. | [1955-2020] |
| 260 3# - PUBLICATION, DISTRIBUTION, ETC. | |
| Materials specified | <2003>-2020: |
| Place of publication, distribution, etc. | Cambridge, Mass. : |
| Name of publisher, distributor, etc. | MIT Press |
| 300 ## - PHYSICAL DESCRIPTION | |
| Extent | 64 volumes : |
| Other physical details | illustrations ; |
| Dimensions | 24-26 cm |
| 500 ## - GENERAL NOTE | |
| General note | Title from cover. |
| 500 ## - GENERAL NOTE | |
| General note | Subtitle varies. |
| 942 ## - ADDED ENTRY ELEMENTS (KOHA) | |
| Source of classification or shelving scheme | Dewey Decimal Classification |
| Withdrawn status | Lost status | Source of classification or shelving scheme | Damaged status | Not for loan | Home library | Current library | Shelving location | Date acquired | Total checkouts | Full call number | Barcode | Date last seen | Price effective from | Koha item type |
|---|---|---|---|---|---|---|---|---|---|---|---|---|---|---|
| Library of Congress Classification | Main Library | Main Library | 03/29/2021 | HD 2791 .G64 | PIU0009570 | 03/29/2021 | 03/29/2021 | Books |